| 000 | 01063cam a22003137a 4500 | ||
|---|---|---|---|
| 003 | CHAP | ||
| 005 | 20220329134346.0 | ||
| 008 | 971013s1979 r 00010 d | ||
| 010 | _a19316 | ||
| 011 | _a20288 | ||
| 035 | _a24376 | ||
| 040 | _cCHAP | ||
| 090 | _aD-140 | ||
| 110 | 2 |
_aCentro Internacional de Agricultura Tropical _921185 |
|
| 245 | 1 | 0 | _aLatencia y pregerminación de las semillas de arroz (Diapositiva) |
| 260 |
_aCali : _bCentro Internacional de Agricultura Tropical, _c1979 |
||
| 300 | _a78 diapositivas col. 2 x 2 plg. 1 cassette, guía de estudio y guión | ||
| 590 |
_aBATCH-UPD _b10 _c20130109 _lUCH01 _h2311 |
||
| 590 |
_aBATCH-UPD _b10 _c20130110 _lUCH01 _h2102 |
||
| 590 |
_aBATCH-UPD _b10 _c20130410 _lUCH01 _h1414 |
||
| 590 |
_aBATCH-UPD _b10 _c20130914 _lUCH01 _h0408 |
||
| 590 |
_aCONVERSION _b10 _c20130109 _lUCH01 _h1312 |
||
| 650 | 1 | 4 |
_aArroz _xSemilla. _97654 |
| 650 | 1 | 4 |
_aGerminación. _947755 |
| 650 | 1 | 4 |
_aSemillas _xLetargo. _9103909 |
| 901 | _aBK | ||
| 942 | _cD | ||
| 949 |
_aD-140 _bBC _cD _d-56208 _eD _gI.122963 _h62926 _i24376 _si |
||
| 999 |
_c19316 _d19316 |
||